000 00678nam a2200289Ia 4500
008 210210b1964 xxu||||| |||| 00| 0 eng d
041 _aeng
082 _a531/59
100 _aFEYNMAN (Richard P)
245 _aFeynman lectures on physics Vol 1
_bMainily mechanics, radiation and heat
260 _aMassachusetts
_bAddison-Wesley
_c1964
300 _a500
440 _a1
650 _aVol
650 _aradiation
650 _aphysics
650 _aon
650 _amechanics,
650 _aMainily
650 _alectures
650 _aheat
650 _aFeynman
650 _a1
690 _aPhysics
700 _aLEIGHTON (Robert B)
906 _a008260
999 _c126162
_d126162